Bratislavský AVION získal tretí rok za sebou prestížne ocenenie kvality Superbrands Award

Najväčšie nákupné centrum na Slovensku Avion Shopping Park v Bratislave znova bodovalo.

Uložené v:
Podrobná bibliografia
Médium: Kapitola
Jazyk:Slovak
Predmet:
Tagy: Pridať tag
Žiadne tagy, Buďte prvý, kto otaguje tento záznam!

MARC

LEADER 00000naa a2200000 4500
001 0200123
005 20231109071113.4
041 0 |a slo 
044 |a SK 
245 1 0 |a Bratislavský AVION získal tretí rok za sebou prestížne ocenenie kvality Superbrands Award 
520 |a Najväčšie nákupné centrum na Slovensku Avion Shopping Park v Bratislave znova bodovalo. 
610 2 0 |a centrá nákupné 
610 2 0 |a kvalita 
610 2 0 |a Slovensko